ALL Skylanders Figures - Statistics

General Stats
  • This quiz has been taken 1,440 times
    1,380 since last reset
  • The average score is 133 of 338
Answer Stats
First Appearance Element Type Answer % Correct
Swap Force Magic Series 3 Mega Ram Spyro
92%
Spyro's Adventure Magic Core Spyro
91%
Giants Magic Series 2 Spyro (Series 2)
91%
Spyro's Adventure Tech Core Trigger Happy
84%
Swap Force Tech Series 3 Big Bang Trigger Happy
83%
Spyro's Adventure Life Core Stealth Elf
83%
Giants Tech Series 2 Trigger Happy (Series 2)
83%
Swap Force Life Series 3 Ninja Stealth Elf
82%
Giants Life Series 2 Stealth Elf (Series 2)
82%
Spyro's Adventure Fire Core Eruptor
81%
Giants Fire Series 2 Eruptor (Series 2)
81%
Swap Force Fire Series 3 Lava Barf Eruptor
81%
Giants Fire LightCore LightCore Eruptor
81%
Swap Force Water Series 3 Anchors Away Gill Grunt
79%
Spyro's Adventure Water Core Gill Grunt
79%
Giants Water Series 2 Gill Grunt (Series 2)
79%
Trap Team Water Series 4 Tidal Wave Gill Grunt
79%
Giants Life Giant Tree Rex
77%
Spyro's Adventure Earth Core Bash
75%
Giants Earth Series 2 Bash (Series 2)
75%
Spyro's Adventure Undead Core Chop Chop
75%
Giants Undead Series 2 Chop Chop (Series 2)
75%
Trap Team Air Series 3 Full Blast Jet-Vac
75%
Giants Air Core Jet-Vac
75%
Giants Air LightCore LightCore Jet-Vac
75%
Giants Magic Giant Ninjini
75%
Spyro's Adventure Earth Core Terrafin
75%
Swap Force Air Series 2 Turbo Jet-Vac
75%
Swap Force Undead Series 3 Twin Blade Chop Chop
75%
Giants Undead Giant Eye-Brawl
74%
Spyro's Adventure Undead Core Hex
74%
Giants Undead Series 2 Hex (Series 2)
74%
Giants Undead LightCore LightCore Hex
74%
Spyro's Adventure Air Core Whirlwind
74%
Spyro's Adventure Undead Core Cynder
73%
Giants Undead Series 2 Cynder (Series 2)
73%
Swap Force Air Series 3 Horn Blast Whirlwind
73%
Swap Force Earth Series 3 Knockout Terrafin
73%
Giants Earth LightCore LightCore Prism Break
73%
Swap Force Undead Series 3 Phantom Cynder
73%
Spyro's Adventure Earth Core Prism Break
73%
Spyro's Adventure Air Core Sonic Boom
73%
Giants Air Series 2 Sonic Boom (Series 2)
73%
Giants Earth Series 2 Terrafin (Series 2)
73%
Giants Air Series 2 Whirlwind (Series 2)
73%
Swap Force Earth Series 3 Hyper Beam Prism Break
72%
Giants Earth Series 2 Prism Break (Series 2)
72%
Spyro's Adventure Water Core Zap
72%
Giants Water Series 2 Zap (Series 2)
72%
Swap Force Air LightCore LightCore Warnado
71%
Spyro's Adventure Air Core Warnado
71%
Giants Tech Giant Bouncer
70%
Giants Earth Giant Crusher
70%
Giants Fire Giant Hot Head
70%
Spyro's Adventure Fire Core Ignitor
70%
Giants Fire Series 2 Ignitor (Series 2)
70%
Spyro's Adventure Air Core Lightning Rod
70%
Giants Air Series 2 Lightning Rod (Series 2)
70%
Giants Air Giant Swarm
70%
Spyro's Adventure Magic Core Wrecking Ball
70%
Spyro's Adventure Life Core Camo
69%
Spyro's Adventure Magic Core Double Trouble
69%
Giants Magic Series 2 Double Trouble (Series 2)
69%
Spyro's Adventure Tech Core Drobot
69%
Giants Tech Series 2 Drobot (Series 2)
69%
Trap Team Magic Series 3 Fizzy Frenzy Pop Fizz
69%
Giants Tech LightCore LightCore Drobot
69%
Giants Magic LightCore LightCore Pop Fizz
69%
Giants Magic Core Pop Fizz
69%
Spyro's Adventure Water Core Slam Bam
69%
Giants Water Series 2 Slam Bam (Series 2)
69%
Spyro's Adventure Life Core Stump Smash
69%
Giants Life Series 2 Stump Smash (Series 2)
69%
Swap Force Magic Series 2 Super Gulp Pop Fizz
69%
Swap Force Life Series 2 Thorn Horn Camo
69%
Giants Magic Series 2 Wrecking Ball (Series 2)
69%
Spyro's Adventure Fire Core Flameslinger
68%
Giants Fire Series 2 Flameslinger (Series 2)
68%
Giants Water Giant Thumpback
68%
Swap Force Fire Series 2 Fire Bone Hot Dog
67%
Giants Fire Core Hot Dog
67%
Spyro's Adventure Fire Core Sunburn
67%
Spyro's Adventure Tech Core Boomer
66%
Spyro's Adventure Earth Core Dino-Rang
66%
Spyro's Adventure Tech Core Drill Sergeant
66%
Spyro's Adventure Water Core Wham-Shell
66%
Spyro's Adventure Undead Core Ghost Roaster
65%
Spyro's Adventure Magic Core Voodood
65%
Spyro's Adventure Life Core Zook
65%
Giants Life Series 2 Zook (Series 2)
65%
Swap Force Water LightCore LightCore Wham-Shell
63%
Swap Force Water Series 2 Blizzard Chill
61%
Giants Water Core Chill
61%
Giants Water LightCore LightCore Chill
61%
Giants Life LightCore LightCore Shroomboom
61%
Giants Life Core Shroomboom
61%
Trap Team Life Series 2 Sure Shot Shroomboom
61%
Giants Tech Core Sprocket
60%
Giants Tech Series 2 Drill Sergeant (Series 2)
59%
Swap Force Tech Series 2 Heavy Duty Sprocket
59%
Giants Earth Core Flashwing
57%
Swap Force Earth LightCore LightCore Flashwing
57%
Swap Force Water Swap Ability (Climb) Wash Buckler
57%
Giants Undead Core Fright Rider
55%
Trap Team Water Trap Master Snap Shot
54%
Swap Force Fire Swap Ability (Rocket) Blast Zone
50%
Trap Team Air Trap Master Gusto
50%
Swap Force Magic Alt Deco Dark Mega Ram Spyro
49%
Spyro's Adventure Magic Alt Deco Dark Spyro
49%
Swap Force Tech Swap Ability (Speed) Magna Charge
49%
Swap Force Life Swap Ability (Sneak) Stink Bomb
49%
Swap Force Fire Swap Ability (Bounce) Fire Kraken
48%
Swap Force Air Swap Ability (Rocket) Boom Jet
47%
Swap Force Life Swap Ability (Dig) Grilla Drilla
47%
Swap Force Magic Swap Ability (Teleport) Hoot Loop
47%
Trap Team Life Trap Master Bushwhack
46%
Swap Force Earth Swap Ability (Spin) Doom Stone
46%
Trap Team Magic Trap Master Enigma
46%
Swap Force Air Swap Ability (Spin) Free Ranger
46%
Trap Team Undead Trap Master Krypt King
46%
Swap Force Undead Swap Ability (Teleport) Night Shift
46%
Swap Force Undead Swap Ability (Bounce) Rattle Shake
46%
Swap Force Tech Swap Ability (Climb) Spy Rise
46%
Swap Force Water Swap Ability (Speed) Freeze Blade
45%
Trap Team Fire Trap Master Ka-Boom
45%
Trap Team Water Trap Master Lob-Star
45%
Trap Team Earth Trap Master Wallop
45%
Trap Team Fire Trap Master Wildfire
45%
Trap Team Dark Trap Master Knight Mare
44%
Swap Force Magic Swap Ability (Sneak) Trap Shadow
44%
Trap Team Magic Trap Master Blastermind
43%
Trap Team Earth Trap Master Head Rush
43%
Imaginators Kaos Sensei Kaos
43%
Trap Team Light Trap Master Knight Light
43%
Trap Team Life Core Food Fight
42%
Trap Team Tech Trap Master Gearshift
42%
Swap Force Earth Swap Ability (Dig) Rubble Rouser
42%
Trap Team Life Trap Master Tuff Luck
42%
Swap Force Fire Core Fryno
41%
Imaginators Earth Sorcerer Sensei Golden Queen
41%
Trap Team Fire Series 2 Hog Wild Fryno
41%
Trap Team Tech Trap Master Jawbreaker
41%
Trap Team Undead Trap Master Short Cut
41%
Spyro's Adventure Magic Alt Deco Legendary Spyro
40%
Swap Force Undead Core Roller Brawl
40%
Spyro's Adventure Tech Alt Deco Legendary Trigger Happy
39%
Swap Force Tech Core Countdown
38%
Spyro's Adventure Earth Alt Deco Legendary Bash
38%
Spyro's Adventure Undead Alt Deco Legendary Chop Chop
38%
Swap Force Tech LightCore LightCore Countdown
38%
Swap Force Air Core Pop Thorn
38%
Swap Force Earth Core Slobber Tooth
38%
Trap Team Air Trap Master Thunderbolt
38%
Imaginators Undead Bowslinger Sensei Wolfgang
38%
Swap Force Air Core Scratch
37%
Imaginators Life Bazooker Sensei Chompy Mage
36%
Swap Force Undead Core Grim Creeper
36%
Swap Force Undead LightCore LightCore Grim Creeper
36%
Swap Force Magic LightCore LightCore Star Strike
36%
Trap Team Magic Mini Mini-Jini
36%
Trap Team Magic Mini Spry
36%
Swap Force Magic Core Star Strike
36%
Swap Force Life Core Zoo Lou
36%
Trap Team Tech Core Chopper
35%
Imaginators Water Brawler Sensei King Pen
35%
Swap Force Fire LightCore LightCore Smolderdash
35%
Swap Force Earth Core Scorp
35%
Swap Force Fire Core Smolderdash
35%
Trap Team Dark Core Blackout
34%
Trap Team Air Core Blades
34%
Swap Force Life Core Bumble Blast
34%
Imaginators Life Brawler Sensei Crash Bandicoot
34%
Trap Team Magic Core Deja Vu
34%
Swap Force Life LightCore LightCore Bumble Blast
34%
Swap Force Water Core Rip Tide
34%
Trap Team Light Core Spotlight
34%
Swap Force Tech Core Wind-Up
34%
Trap Team Water Core Echo
33%
Trap Team Air Core Fling Kong
33%
Trap Team Fire Core Torch
33%
Swap Force Magic Core Dune Bug
32%
Superchargers Fire Supercharger Spitfire
32%
Trap Team Undead Core Funny Bone
31%
Trap Team Life Core High Five
31%
Swap Force Water Core Punk Shock
31%
Trap Team Earth Core Rocky Roll
31%
Trap Team Undead Mini Eye-Small
30%
Trap Team Water Mini Gill Runt
30%
Trap Team Life Mini Barkley
29%
Trap Team Earth Mini Bop
29%
Imaginators Tech Sorcerer Sensei Dr. Neo Cortex
29%
Trap Team Tech Mini Drobit
29%
Trap Team Water Core Flip Wreck
29%
Trap Team Air Mini Pet-Vac
29%
Trap Team Earth Mini Terrabite
29%
Trap Team Undead Core Bat Spin
28%
Trap Team Air Mini Breeze
28%
Imaginators Magic Smasher Sensei Pain-Yatta
28%
Trap Team Fire Core Trail Blazer
28%
Trap Team Tech Mini Trigger Snappy
28%
Trap Team Fire Mini Weeruptor
28%
Trap Team Earth Core Fist Bump
27%
Giants Life Alt Deco Gnarly Tree Rex
27%
Imaginators Life Knight Sensei Ambush
26%
Imaginators Air Swashbuckler Sensei Bad Juju
26%
Trap Team Magic Core Cobra Cadabra
26%
Imaginators Water Brawler Sensei Grave Clobber
26%
Trap Team Undead Mini Hijinx
26%
Imaginators Tech Bowslinger Sensei Ro-Bow
26%
Trap Team Water Mini Thumpling
26%
Trap Team Tech Core Tread Head
26%
Trap Team Life Mini Whisper Elf
26%
Imaginators Light Knight Sensei Blaster-Tron
25%
Imaginators Tech Quickshot Sensei Dr. Krankcase
25%
Imaginators Dark Sentinel Sensei Hood Sickle
25%
Giants Tech Alt Deco Legendary Bouncer
25%
Giants Air Alt Deco Legendary Jet-Vac
25%
Trap Team Fire Mini Small Fry
25%
Imaginators Air Brawler Sensei Air Strike
24%
Imaginators Light Swashbuckler Sensei Aurora
24%
Imaginators Earth Sentinel Sensei Barbella
24%
Imaginators Life Ninja Sensei Boom Bloom
24%
Giants Earth Alt Deco Granite Crusher
24%
Superchargers Magic Supercharger Splat
24%
Superchargers Water Supercharger Dive-Clops
23%
Imaginators Fire Sentinel Sensei Ember
23%
Superchargers Undead Supercharger Fiesta
23%
Giants Magic Alt Deco Scarlet Ninjini
23%
Imaginators Fire Ninja Sensei Tae Kwon Crow
23%
Imaginators Air Knight Sensei Wild Storm
23%
Superchargers Light Supercharger Astroblast
22%
Imaginators Magic Bowslinger Sensei Buckshot
22%
Imaginators Tech Swashbuckler Sensei Chain Reaction
22%
Imaginators Fire Bazooker Sensei Flare Wolf
22%
Giants Water Alt Deco Legendary Slam Bam
22%
Imaginators Magic Sorcerer Sensei Mysticat
22%
Imaginators Water Quickshot Sensei Tidepool
22%
Imaginators Undead Smasher Sensei Chopscotch
21%
Swap Force Water Alt Deco Dark Wash Buckler
21%
Superchargers Fire Supercharger Hammer Slam Bowser (Nintendo systems only)
21%
Giants Water Alt Deco Legendary Chill (LightCore)
21%
Giants Life Alt Deco Legendary Stealth Elf
21%
Imaginators Undead Sorcerer Sensei Pit Boss
21%
Superchargers Earth Supercharger Smash Hit
21%
Imaginators Dark Ninja Sensei Starcast
21%
Superchargers Life Supercharger Thrillipede
21%
Imaginators Earth Smasher Sensei Tri-Tip
21%
Swap Force Fire Alt Deco Dark Blast Zone
20%
Superchargers Tech Supercharger High Volt
20%
Giants Earth Alt Deco Jade Flashwing
20%
Superchargers Fire Supercharger Lava Lance Eruptor
20%
Giants Fire Alt Deco Legendary Ignitor
20%
Giants Fire Alt Deco Molten Hot Dog
20%
Superchargers Air Supercharger Stormblade
20%
Swap Force Life Alt Deco Dark Stealth Elf
19%
Superchargers Life Supercharger Super Shot Stealth Elf
19%
Superchargers Dark Supercharger Nightfall
18%
Swap Force Tech Alt Deco Nitro Magna Charge
18%
Trap Team Water Alt Deco Dark Snap Shot
17%
Giants Magic Alt Deco Punch Pop Fizz
17%
Trap Team Magic Eon's Elite Elite Spyro
16%
Swap Force Air Alt Deco Legendary Free Ranger
16%
Swap Force Water Alt Deco Nitro Freeze Blade
16%
Giants Air Alt Deco Polar Whirlwind
16%
Giants Magic Alt Deco Royal Double Trouble
16%
Superchargers Undead Supercharger Bone Bash Roller Brawl
15%
Trap Team Fire Alt Deco Dark Wildfire
15%
Superchargers Water Supercharger Deep Dive Gill Grunt
15%
Superchargers Tech Supercharger Double Dare Trigger Happy
15%
Trap Team Undead Eon's Elite Elite Chop Chop
15%
Trap Team Fire Eon's Elite Elite Eruptor
15%
Trap Team Water Eon's Elite Elite Gill Grunt
15%
Trap Team Life Eon's Elite Elite Stealth Elf
15%
Trap Team Tech Eon's Elite Elite Trigger Happy
15%
Superchargers Air Supercharger Hurricane Jet-Vac
15%
Swap Force Fire Alt Deco Jade Fire Kraken
15%
Swap Force Undead Alt Deco Legendary Night Shift
15%
Swap Force Life Alt Deco Legendary Zoo Lou
15%
Superchargers Earth Supercharger Shark Shooter Terrafin
15%
Superchargers Life Supercharger Turbo Charge Donkey Kong (Nintendo systems only)
15%
Superchargers Magic Supercharger Big Bubble Pop Fizz
14%
Trap Team Life Alt Deco Dark Food Fight
14%
Swap Force Earth Alt Deco Dark Slobber Tooth
14%
Superchargers Tech Eon's Elite Elite Boomer
14%
Trap Team Earth Eon's Elite Elite Terrafin
14%
Trap Team Air Eon's Elite Elite Whirlwind
14%
Swap Force Magic Alt Deco Enchanted Hoot Loop
14%
Swap Force Magic Alt Deco Enchanted Star Strike (LightCore)
14%
Swap Force Life Alt Deco Jolly Bumble Blast
14%
Swap Force Undead Alt Deco Legendary Grim Creeper (LightCore)
14%
Superchargers Earth Eon's Elite Elite Dino-Rang
13%
Superchargers Undead Eon's Elite Elite Ghost Roaster
13%
Superchargers Water Eon's Elite Elite Slam Bam
13%
Superchargers Magic Eon's Elite Elite Voodood
13%
Swap Force Tech Alt Deco Kickoff Countdown
13%
Trap Team Earth Alt Deco Nitro Head Rush
13%
Swap Force Fire Alt Deco Volcanic Eruptor
13%
Superchargers Life Eon's Elite Elite Zook
12%
Trap Team Life Alt Deco Gnarly Barkley
12%
Trap Team Magic Alt Deco Legendary Deja Vu
12%
Trap Team Undead Alt Deco Nitro Krypt King
12%
Trap Team Air Alt Deco Legendary Blades
11%
Trap Team Life Alt Deco Legendary Bushwhack
11%
Trap Team Tech Alt Deco Legendary Jawbreaker
11%
Swap Force Undead Alt Deco Quickdraw Rattle Shake
11%
Imaginators Water Alt Deco Dark King Pen
10%
Trap Team Magic Alt Deco Love Potion Pop Fizz
10%
Trap Team Air Alt Deco Power Punch Pet-Vac
10%
Swap Force Tech Alt Deco Springtime Trigger Happy
10%
Imaginators Earth Alt Deco Dark Golden Queen
9%
Superchargers Fire Alt Deco Dark Spitfire
9%
Imaginators Undead Alt Deco Dark Wolfgang
9%
Trap Team Water Alt Deco Winterfest Lob-Star
9%
Trap Team Fire Alt Deco Eggsellent Weeruptor
8%
Superchargers Fire Alt Deco Dark Hammer Slam Bowser (Nintendo systems only)
7%
Trap Team Magic Alt Deco King Cobra Cadabra
7%
Imaginators Earth Alt Deco Legendary Tri-Tip
7%
Superchargers Life Alt Deco Dark Super Shot Stealth Elf
6%
Superchargers Light Alt Deco Legendary Astroblast
6%
Imaginators Undead Alt Deco Legendary Pit Boss
6%
Superchargers Magic Alt Deco Power Blue Splat
6%
Superchargers Life Alt Deco Dark Turbo Charge Donkey Kong (Nintendo systems only)
5%
Superchargers Life Alt Deco Eggcited Thrillipede
5%
Superchargers Undead Alt Deco Frightful Fiesta
5%
Imaginators Life Alt Deco Jingle Bell Chompy Mage
5%
Imaginators Air Alt Deco Mystical Bad Juju
5%
Imaginators Fire Alt Deco Mystical Tae Kwon Crow
5%
Imaginators Dark Alt Deco Steel Plated Hood Sickle
5%
Superchargers Earth Alt Deco Steel Plated Smash Hit
5%
Superchargers Magic Alt Deco Birthday Bash Big Bubble Pop Fizz
4%
Imaginators Undead Alt Deco Candy-Coated Chopscotch
4%
Imaginators Air Alt Deco Egg Bomber Air Strike
4%
Superchargers Undead Alt Deco Legendary Bone Bash Roller Brawl
4%
Superchargers Air Alt Deco Legendary Hurricane Jet-Vac
4%
Superchargers Water Alt Deco Missile-Tow Dive-Clops
4%
Superchargers Tech Alt Deco Power Blue Trigger Happy
4%
Imaginators Light Alt Deco Solar Flare Aurora
4%
Imaginators Fire Alt Deco Hard-Boiled Flare Wolf
3%
No matching quizzes found
Score Distribution
Percent of People with Each Score
Percentile by Number Answered
Your Score History
You have not taken this quiz since the last reset